A pár éve átadott Biobank is a harmadik híd útjában van

Elmentve itt :
Bibliográfiai részletek
Szerző: Legény Dániel
További közreműködők: Rostova Anna
Dokumentumtípus: Cikk
Megjelent: 2024-12-04
Sorozat:Szegeder.hu
Kulcsszavak:Építkezés - Szeged harmadik hídja - nyomvonal, Szegedi Tudományegyetem - egyetemi épületek - hőközpont, Fendler Judit - SZTE kancellár
Online Access:http://univ.bibl.u-szeged.hu/72592
LEADER 00844nab a2200181 i 4500
001 univ72592
005 20241205111751.0
008 241205s2024 hu o 000 hun d
040 |a SZTE UnivHistória Repozitórium  |b hun 
041 |a hun 
100 1 |a Legény Dániel 
245 1 2 |a A pár éve átadott Biobank is a harmadik híd útjában van  |h [elektronikus dokumentum] /  |c  Legény Dániel 
260 |c 2024-12-04 
490 0 |a Szegeder.hu 
561 |a Egyetemi hirarchívum 
695 |a Építkezés - Szeged harmadik hídja - nyomvonal, Szegedi Tudományegyetem - egyetemi épületek - hőközpont, Fendler Judit - SZTE kancellár 
700 0 1 |a Rostova Anna 
856 4 0 |u http://univ.bibl.u-szeged.hu/72592/1/A%20p%C3%A1r%20%C3%A9ve%20%C3%A1tadott%20Biobank%20is%20a%20harmadik%20h%C3%ADd%20%C3%BAtj%C3%A1ban%20van%20_%20Szegeder.pdf  |z Dokumentum-elérés